| 000 | 00846nam a22001937a 4500 | ||
|---|---|---|---|
| 003 | OSt | ||
| 005 | 20260122194911.0 | ||
| 008 | 230317b ||||| |||| 00| 0 eng d | ||
| 040 | _cOst | ||
| 041 | _ashan | ||
| 082 | _a959.195919 | ||
| 245 |
_aပိုၼ်းတႆးႁွဝ်တီး။ _cၵေႃပွင်ၵၢၼ်ပပ်ႉႁဵၼ်းၶွမ်ႇမတီႇပၢႆးပၼ်ႇၺႃႇၸိုင်ႈတႆး |
||
| 300 |
_a194 ၼႃႈ _bႁၢင်ႈ၊ ႁၢင်ႈၽႅၼ်ႇလိၼ် _c21 ၸိၼ်ႇထီႇ |
||
| 500 | _aS-SAT: Dr. Prof Sai Aung Tun | ||
| 500 | _aပပ်ႉၸဝ်ႈတႃႇၼႁင်းၶေႃ တွၵ်ႉတိူဝ်ႉၸၢႆးဢွင်ႇထုၼ်း | ||
| 650 |
_aပိုၼ်းတႆး _920580 |
||
| 942 | _cBK | ||
| 942 | _2ddc | ||
| 999 |
_c23392 _d23392 |
||